Quizzes
Events
Quiz Creation
Community
Videos
Private Events
Remove Ads
Sign In
Join for FREE
Feedback
Dark Mode
Quiz Categories
Sports
Geography
Music
Movies
Television
Just For Fun
Miscellaneous
History
Literature
Language
Science
Gaming
Entertainment
Religion
Holiday
For Kids
Quiz Lab
Recent
Popular Today
Quiz Kudos Today
Editor Picks
Curator Picks
Quizzes by...
Day
Popularity
Type
Ratings
Length
Year
Community
Subscriptions
Recent Discussions
Orange Saloon
Badges
Playlists
Quests
Create
Leaderboards
Showdown
Live 5
Trivia Bingo
Activity
Puzzle Library
Sporcle Events
Private Events
Virtual Trivia
Globe League
Become a Host
Pub Owners
SporcleCon
Opinionation
Our Games
Videos
Blog
Mobile Apps
Partnerships
Remove Ads and Go Orange
Feedback
Language
Vocabulary
Begins and Ends
Definition
Spanish
French
German
Italian
Chinese
Latin
Translation
Japanese
Language
Vocabulary
Begins and Ends
Definition
Spanish
French
German
Italian
Chinese
Latin
Translation
Japanese
Random Quiz
Search Sporcle
×
Quiz Lab
Quiz Lab
Language
French
Type in answers that appear in a list
Type in answers that appear in a list
Classic
Best Score? Go Orange.
French Verbs that take 'être' Stats
Can you name the French verbs that can take 'être' as an auxiliary verb in the passé composé?
By
dan144556
4m
14 Questions
1,482 Plays
1,482 Plays
1,482 Plays
Comments
Comments
Give Quiz Kudos
Give Quiz Kudos
-
- Ratings
hide this ad
Replay
Link that replays current quiz
Next Quiz
Link to next quiz in quiz playlist
You Got
0%
They Got
Avg Score
70%
Avg Friend Score
Upgrade to see
Score Distribution
Jump to the score distribution portion of the page
Score
0/14
Timer
04:00
0
Plays Today
% Correct
aller
92%
venir (devenir, parvenir, revenir)
89%
mourir
81.7%
naître (renaître)
77.5%
partir (repartir)
76.3%
sortir (ressortir)
76.1%
descendre (redescendre)
74.9%
% Correct
monter (remonter)
72.7%
tomber (retomber)
72.4%
entrer (rentrer)
65.7%
arriver
58%
retourner
57.6%
rester
52.6%
passer
47.5%
Quiz Playlist
Details
Report
Send in Message
Add To Playlist
Classic:
Type in answers that appear in a list
Quiz Source
Last Updated: Feb 16, 2017
Quiz Scoreboard
CHALLENGE
Sign Up to Join the Scoreboard
Show All
Scores
Hide
Comments
May contain spoilers
Recently Published
NBA Finals Game Top Scorers (2010s)
by flibbidy
Sports
5m
Guess the 'R' Things in 3 Words
by MSUKent
Miscellaneous
3m
Actor to Badly Drawn Movie III
by MoMosMoProblems
Movies
5m
More to Explore
Quiz From the Vault
Featured Blog Post
Where Does Lost Luggage Go?
hide this ad
You Might Also Like...
Tags
French Quiz
Auxiliary
compose
Être
Passing
Verb
Today's Top Quizzes in Language
Browse Language
hide this ad
Today's Top Quizzes in French
Browse French
Top Contributed Quizzes in Language
1
Einsilbige Reime auf Chips
2
Linguistic Evolution! (V)
3
Trivia Jigsaw: Language
4
Guess the Word in 3 Words
5
One-Minute Crossword CCLVI
6
Here... Let me make up a word for that
7
1960s Slang
8
AP Lang. Literary Terms
9
One-Minute Crossword CCLV
10
Hiragana Speed Reading
Explore More
Trending Topics
Disney
NBA
Kpop
Anime
Harry Potter
Crossword
Marvel
The Office
Country
Soccer
Pokémon
Puzzle
WWE
Song
NFL
hide this ad
More By:
dan144556
Quiz
Plays
Rating
Category
Featured
Created
US Most Common Last Names (A-Z)
215,682
4.33
Miscellaneous
Dec 16, 2009
Top Wine Producing States
55,113
4.61
Geography
Aug 19, 2010
College Football Independents (1980)
42,688
4.40
Sports
Dec 30, 2010
MLB Player Countries (All-Time)
2,640
4.46
Sports
Jul 27, 2011
Operas by Mozart
2,398
4.67
Music
Oct 26, 2009
Go to Creator's Profile
Score Distribution
Quiz Creator Spotlight
dan144556
Follow
Send a Message
Quizzes Created
-
Created Quiz Play Count
-
More By This Creator
Popular Quizzes Today
1
Find the US States - No Outlines Minefield
2
Find the US States
3
The Countries of the World
4
10 Largest US States in Order
5
Find the Countries of Europe - No Outlines Minefield
6
US States
7
Guess the 'R' Things in 3 Words
8
NBA Finals Game Top Scorers (2010s)
More Language Quizzes
Spanish to English Mini-Grid 4
Editor's Pick
Trending Quizzes
First Name TV: Leading Men
Match the Book to the Film II
First Name TV: Leading Women Drama
Match the Book to the Film VI
3-Word Movies in 1 Word II
Recently Updated
Women's Final Four Teams by Year
bhenderson79
Presidents Quartet II
eogle
Anything But Clue(do)
eogle
Anything But Oceanian Capitals
eogle
Anything But 7
eogle
Anything But Thing
eogle
Word Ladder: February 29
pecheneg
Song Title Questions
pecheneg
Women's NCAA Tournament #1 Seeds
pecheneg
Celebrity Mug Shots
pecheneg
Trending Topics
Anime
Harry Potter
Disney
NBA
Crossword
Marvel
Kpop
Pokémon
WWE
The Office
NFL
Puzzle
Soccer
Country
Song
Your Account Isn't Verified!
In order to create a playlist on Sporcle, you need to verify the email address you used during registration. Go to your
Sporcle Settings
to finish the process.
Report this User
Report this user for behavior that violates our
Community Guidelines
.
Details:
Send Report
Go to the Sporcle.com Mobile Site →
Comments